000 00539nam a2200217 a 4500
001 BRCA_4009
005 20190320204518.0
008 160110s1962----nyu#######---#000-0#eng-#
041 _aeng
044 _anyu
050 4 _aPZ4
_b.R67 1962
100 1 _aRoth, Holly.
_910424
245 1 0 _aToo Many Doctors
_cHolly Roth.
260 _aNueva York
_bRandom House
_c1962
300 _a204 p.
_c21 cm.
440 0 _aA Random House mystery
_99270
500 _aCEF18
650 1 4 _aNovelas policĂ­acas
_9877
902 _aGFM
942 _2lcc
_cB
999 _c3735
_d3735